00384nam a2200133Ia 4500003000400000005001700004008004100021040001800062082001800080100002900098245006500127260004900192300000900241OSt20200606120037.0190216s9999||||xx |||||||||||||| ||und|| cMESKC library a891.43bTEW/C aTewari, Vishwanathprasad 0aChayavadottar Hindi Gadya Sahitya /cVishwanathprasad Tewari bVishwavidyalaya Prakashan,aVaranassi:c1968 a363p